000 03982nam a22004577a 4500
005 2009121603043.0
008 091215t xxu||||| |||| 00| 0 eng d
010 _aB-383697-714
020 _c195.00
_a9781407501437
035 _aB-383697-714
037 _bParragon
040 _adpl
_bEnglish
082 _a912
100 _aBeasant, Pamela
245 _aGold stars picture atlas:
_bbegin to discover our amazing world /
_cby Pamela Beasant ; illustrated by Helen Cann
260 _bParragon
_c2009
_aBath
270 _aQueen Street House, 4 Queen Street,
_bBath
300 _a47p.:
_bcol. ill.
_c24cm(Hb)
500 _aIncludes glossary and index
700 _aCann, Helen
942 _2ddc
_cCH
_mBEA
_h912
999 _c32997
_d32997